| 000 | 00457nam a2200157Ia 4500 | ||
|---|---|---|---|
| 008 | 210210b1999 xxu||||| |||| 00| 0 eng d | ||
| 020 | _a81 7371 233 6 | ||
| 082 | _a658.385 REDM | ||
| 100 | _aREDDY (Micheal). | ||
| 245 | _aManager's guide to counselling at work, the. | ||
| 260 |
_aHyderabad. _bUniversities press (India) Limited, _c1999 |
||
| 300 | _avi,145 | ||
| 650 | _aGuide Counselling Work | ||
| 690 | _aPersonnel Management | ||
| 906 | _aSG03661 | ||
| 999 |
_c114460 _d114460 |
||